00705nam a2200181 a 450000100100000000500170001000800410002704000250006808200160009310000500010924501060015926000360026530000210030159000610032204900090038395201140039299900170050600002687820200930030450.0110328s2001 dr 000 0 spa d aDO-SdBNPbspacBNPHU axxxxbA465c1 aAltagracia Paniagua, Alejandro Darío95398610aCalderas del cielo :b(refrigerios en tiempo de canícula) /cAlejandro Darío Altagracia Paniagua. aSanto Domingo :b[s.n.],c2001. a282 p. ;c21 cm. aLa biblioteca posee 1 ejemplar autografiado por el autor aBNPD 0010718PDaPDbPDcCTd2011-03-28iLF1l0oxxxx A465cp26878-10r2020-06-25w2020-06-25yLFPDZNo se presta c26370d26370